COMMUNICATE TO CONQUER A HANDBOOK OF EFFECTIVE PUBLIC SPEAKING, GROUP DISCUSSIONS AND INTERVIEWS (Record no. 4279)

MARC details
000 -LEADER
fixed length control field 00378nam a2200133Ia 4500
008 - FIXED-LENGTH DATA ELEMENTS--GENERAL INFORMATION
fixed length control field 191201s2010 xx 000 0 und d
082 ## - DEWEY DECIMAL CLASSIFICATION NUMBER
Classification number 488.9
Item number LAC
100 ## - MAIN ENTRY--PERSONAL NAME
Personal name LATA, Pushp
245 #0 - TITLE STATEMENT
Title COMMUNICATE TO CONQUER A HANDBOOK OF EFFECTIVE PUBLIC SPEAKING, GROUP DISCUSSIONS AND INTERVIEWS
260 ## - PUBLICATION, DISTRIBUTION, ETC. (IMPRINT)
Place of publication, distribution, etc N.Delhi
Name of publisher, distributor, etc PHI
Date of publication, distribution, etc 2010
300 ## - PHYSICAL DESCRIPTION
Extent 136
650 ## - SUBJECT ADDED ENTRY--TOPICAL TERM
Topical term or geographic name as entry element Applied
942 ## - ADDED ENTRY ELEMENTS (KOHA)
Source of classification or shelving scheme Dewey Decimal Classification
Koha item type Text Books
Holdings
Withdrawn status Lost status Source of classification or shelving scheme Damaged status Not for loan Collection code Home library Current library Date acquired Source of acquisition Cost, normal purchase price Bill Number Total Checkouts Full call number Acc. no. / Barcode Date last seen Date last borrowed Bill Date Koha item type Public note
    Dewey Decimal Classification     GENERAL PIET C-LIBRARY PIET C-LIBRARY 14/01/2010 J B C, New Delhi 195.00 SI-4065 1 488.9 LAC 14368 31/08/2023 02/08/2023 06/01/2010 Text Books Motivational

Design & Developed by: PIET Central Library
R70 Miles Stone Pattikalyana Samalkha Panipat 132102
mail ID :- [email protected], Phone No:- 0180-2569700 Ex.216